Susurros de libertad : (Record no. 195818)

MARC details
000 -LEADER
campo de control de longitud fija 01434nam a22003135i 4500
001 - NÚMERO DE CONTROL
campo de control 195818
003 - IDENTIFICADOR DE NÚMERO DE CONTROL
campo de control ES-MaACL
005 - FECHA Y HORA DE LA ÚLTIMA TRANSACCIÓN
campo de control 20250309063127.0
008 - DATOS DE LONGITUD FIJA--INFORMACIÓN GENERAL
campo de control de longitud fija 240720s2009 sp a f 001 0 spa d
017 ## - NÚMERO DE COPYRIGHT O DE DEPÓSITO LEGAL
Número de copyright o de depósito legal CO 1341-2008
020 ## - NÚMERO INTERNACIONAL ESTÁNDAR DEL LIBRO
Número Internacional Estándar del Libro 9788493502171
035 ## - NÚMERO DE CONTROL DEL SISTEMA
Número de control de sistema Rebiun13823710
040 ## - FUENTE DE CATALOGACIÓN
Centro catalogador/agencia de origen UCA-HUM
Lengua de catalogación spa
Centro/agencia transcriptor ES-MaACL
100 ## - ENTRADA PRINCIPAL--NOMBRE DE PERSONA
Nombre de persona García Contreras, Rafael
9 (RLIN) 237307
245 10 - MENCIÓN DEL TÍTULO
Título Susurros de libertad :
Resto del título memorias /
Mención de responsabilidad, etc. Rafael García Contreras
250 ## - MENCION DE EDICION
Mención de edición 2{u00AA} ed
260 ## - PUBLICACIÓN, DISTRIBUCIÓN, ETC.
Lugar de publicación, distribución, etc. Córdoba :
Nombre del editor, distribuidor, etc. Puntoreklamo,
Fecha de publicación, distribución, etc. 2009
300 ## - DESCRIPCIÓN FÍSICA
Extensión 214 p. :
Otras características físicas il. ;
Dimensiones 24 cm
336 ## - TIPO DE CONTENIDO
Fuente rdacontent
Término de tipo de contenido texto
337 ## - TIPO DE MEDIO
Fuente rdamedia
Nombre/término del tipo de medio sin mediación
338 ## - TIPO DE SOPORTE
Fuente rdacarrier
Nombre/término del tipo de soporte volumen
520 ## - RESUMEN, ETC.
Sumario, etc. Maestro de taller de la Empresa Cenemesa posterior Westinghouse. Luchador sindical, fue unos de los fundadores de CC.OO. en dicha Empresa junto a Manuel Rubia Molero. Difundió las ideas comunistas entre los trabajadores, llegando a padecer encarcelamiento por dicho motivo. Senador electo por Córdoba formado parte de Izquierda Unida en la legislatura de 1989.
600 #0 - PUNTO DE ACCESO ADICIONAL DE MATERIA--NOMBRE DE PERSONA
Nombre de persona García Contreras, Rafael
9 (RLIN) 237307
852 ## - LOCALIZACIÓN
Ubicación ES-MaACL
Sublocalización o colección R.153211
Ubicación en estantería Depósito J
Número de control de estantería N-8831
Donativo/Legado Donación: Editorial
Encuadernación Encuadernación: rústica con solapas
itemnumber 204677
942 ## - ELEMENTOS DE ENTRADA SECUNDARIOS (KOHA)
Fuente del sistema de clasificación o colocación Clasificación decimal universal
Tipo de ítem Koha Libro impreso
Suprimir en OPAC No
954 ## - CATALOGADORES
Estado de la copia Tatiana Alejandra de Castro Pérez
Holdings
Estatus retirado Estado de pérdida Fuente del sistema de clasificación o colocación Estado de daño No para préstamo Biblioteca de origen Biblioteca actual Ubicación en estantería Fecha de adquisición Fuente de adquisición Total de préstamos Signatura topográfica completa Código de barras Visto por última vez Precio de reemplazo Tipo de ítem Koha
    Clasificación decimal universal     Biblioteca del Ateneo de Madrid Biblioteca del Ateneo de Madrid Depósito J 07/03/2025 Donación   N-8831 101229526 07/03/2025 07/03/2025 Libro impreso